| 000 | 00808nam a2200217 i 4500 | ||
|---|---|---|---|
| 001 | 26381 | ||
| 003 | ES-MaACL | ||
| 005 | 20251014063057.0 | ||
| 007 | t| | ||
| 008 | 030109s1883 sp |||| | spa d | ||
| 100 | 1 |
_aAstarloa, Pablo Pedro de, _d1752-1806 _923667 |
|
| 245 | 1 | 0 |
_aDiscursos filosóficos sobre la lengua primitiva o Gramática y análisis razonado de la euskara o bascuence / _cPablo Pedro Astarloa. |
| 246 | 3 | _aGramática y análisis razonado de la euskara o bascuence | |
| 260 |
_aBilbao : _bPedro Velasco, _c1883. |
||
| 300 |
_aVIII, 773 p. ; _c23 cm. |
||
| 530 | _aDisponible en formato digital. | ||
| 650 | 0 | 4 |
_aLengua vasca- _xHistoria. _9154956 |
| 852 |
_aES-MaACL _jC-1961 |
||
| 856 |
_uhttp://hdl.handle.net/10357/1473 _zMemoria Digital Vasca |
||
| 999 |
_c26381 _d26381 |
||